Loading...
| Current Events | 5 | 16.00 | 100% | 40% | 20% |
| Fine Arts - Classical Music | 6 | 26.67 | 100% | 100% | 67% |
| Fine Arts - Other | 8 | 16.25 | 100% | 63% | 0% |
| Fine Arts - Painting and Sculpture | 6 | 18.33 | 100% | 50% | 33% |
| Geography | 1 | 10.00 | 100% | 0% | 0% |
| History - American | 2 | 20.00 | 100% | 50% | 50% |
| History - European | 6 | 16.67 | 100% | 33% | 33% |
| History - Other | 3 | 13.33 | 100% | 33% | 0% |
| History - World | 7 | 18.57 | 100% | 57% | 29% |
| Literature - Drama | 2 | 10.00 | 100% | 0% | 0% |
| Literature - Long Fiction | 7 | 11.43 | 100% | 14% | 0% |
| Literature - Poetry | 5 | 16.00 | 100% | 60% | 0% |
| Mythology | 3 | 16.67 | 100% | 67% | 0% |
| Other Academic | 4 | 12.50 | 100% | 25% | 0% |
| Philosophy | 5 | 16.00 | 100% | 60% | 0% |
| Religion | 4 | 10.00 | 100% | 0% | 0% |
| Science - Biology | 3 | 13.33 | 100% | 33% | 0% |
| Science - Chemistry | 6 | 15.00 | 100% | 50% | 0% |
| Science - Other | 3 | 10.00 | 67% | 33% | 0% |
| Science - Physics | 5 | 14.00 | 100% | 40% | 0% |
| Short Fiction and Other | 4 | 17.50 | 100% | 50% | 25% |
| Social Science | 3 | 13.33 | 100% | 33% | 0% |